<?xml version="1.0" encoding="UTF-8"?>
<collection xmlns="http://www.loc.gov/MARC21/slim">
 <record>
  <leader>00580pamaa2200181   4500</leader>
  <controlfield tag="001">0000021279</controlfield>
  <controlfield tag="005">20060615090000.0</controlfield>
  <datafield tag="020" ind1="0" ind2="0">
   <subfield code="a">{nil] </subfield>
  </datafield>
  <datafield tag="082" ind1=" " ind2=" ">
   <subfield code="a">621.3916 VAN</subfield>
  </datafield>
  <datafield tag="090" ind1="0" ind2="0">
   <subfield code="a">TK7874 </subfield>
   <subfield code="b">VAN 1998</subfield>
  </datafield>
  <datafield tag="100" ind1="1" ind2="0">
   <subfield code="a">VAN DEN BOUT </subfield>
  </datafield>
  <datafield tag="245" ind1="1" ind2="0">
   <subfield code="a">Quick start guide for the Foundation series Xilinx student edition version 1.3.</subfield>
  </datafield>
  <datafield tag="260" ind1="0" ind2="0">
   <subfield code="a">New Jersey: </subfield>
   <subfield code="b">Prentice Hall, </subfield>
   <subfield code="c">1998.</subfield>
  </datafield>
  <datafield tag="300" ind1=" " ind2=" ">
   <subfield code="a">32p.: </subfield>
   <subfield code="b">ill.; </subfield>
   <subfield code="c">24cm.</subfield>
  </datafield>
  <datafield tag="500" ind1="0" ind2="0">
   <subfield code="a">Includes 1 CD-ROM</subfield>
  </datafield>
  <datafield tag="650" ind1="0" ind2="0">
   <subfield code="a">Digital integrated circuits -- </subfield>
   <subfield code="x">Design and construction </subfield>
  </datafield>
  <datafield tag="650" ind1="0" ind2="0">
   <subfield code="a">Microcomputers -- </subfield>
   <subfield code="x">Design and construction </subfield>
  </datafield>
  <datafield tag="650" ind1="0" ind2="0">
   <subfield code="a">Logic design </subfield>
  </datafield>
 </record>
</collection>
